Statistics for Country Quiz on a Map - Italy

Click here to take the quiz!

General Stats

  • This quiz has been taken 17,368 times
    (13,337 since last reset)
  • The average score is 26 of 44

Answers on the Map

Answers color-coded by a green-red scale on the quiz's map according to % correct below.
 

Answer Stats

Answers% Correct
2,283,809Rome
99%
1,397,715Milan
95%
Largest island in the Mediterranean SeaSicily
95%
940,940Naples
92%
"La Serenissima"Venice
89%
Symbol of the city of PisaLeaning Tower of Pisa
86%
Second largest island in the Mediterranean SeaSardinia
86%
Vatican City
82%
San Marino
81%
848,196Turin
80%
France
78%
Switzerland
78%
Austria
76%
Mediterranean Sea
75%
Verona: The two lovers of this English tragedy live in this cityRomeo and Juliet
75%
Slovenia
75%
Birthplace region of the Italian RenaissanceTuscany
74%
640,720Palermo
73%
Adriatic Sea
70%
Alps
68%
Home to the oldest university in the Western worldBologna
68%
Genoa: This renowned explorer hailed from this maritime republicChristopher Columbus
68%
Florence: This sculpture of a Biblical figure by Michelangelo is one of the city's many masterpiecesDavid
66%
Mount Vesuvius
64%
Po
64%
Mount Etna
61%
One of the most beautiful lakes in the world, according to the Huffington Post in 2014Lake Como
58%
Former (only) seaport of the Austro-Hungarian EmpireTrieste
53%
Tiber
47%
Monte Bianco
42%
Florence: This 'magnificent' man ruled the city during its Golden AgeLorenzo de' Medici
41%
Ancient Greek settlment founded in 734 BCSyracuse
41%
Coastal area literally meaning 'Five Lands'Cinque Terre
39%
Ionian Sea
37%
Tyrrhenian Sea
36%
Apennines
34%
Florence: This painting of a Roman Godess by Botticelli is also one of the city's many masterpiecesThe Birth of Venus
34%
Main art museum in FlorenceUffizi Gallery
33%
Capital city of the Western Roman Empire from 402 until its demiseRavenna
29%
Largest stadium in ancient RomeCircus Maximus
28%
Ligurian Sea
26%
Arpino: This Roman statesman, who ended the second Catilinarian conspiracy, was born thereCicero
21%
216 BC: Roman defeat by Carthage during the Second Punic WarBattle of Cannae
16%
1944: Series of assaults by the Allies during World War II to capture RomeBattle of Monte Cassino
16%

Score Distribution

Percentile by Number Answered

Percent of People with Each Score

Your Score History

You have not taken this quiz since the last reset